000 01252cam a22001935a 4500
001 L149135
008 100115s2009 xxk 000 0 eng d
035 _a(Sirsi) u149135
041 0 _aeng
100 1 _aNadar, Aisha
245 0 0 _aIslamic finance
_bpotential implications for dispute resolution
260 _c2009
490 0 _aArbitration
_v75(3) August 2009, 296-308(13)
520 _aIslamic finance is financial intermediation carried out in a manner that is firmly rooted in the Islamic principles articulated in the Sharia. Although Islamic modes of financing have existed throughout the early history of Islam, the Islamic finance industry only became resurgent in the late 20th century. Suggests that the role of Islamic law may be diminished according to the forum selected during the dispute resolution process. Asks whether international commercial arbitration has a role in Islamic finance? The potential lack of Sharia compliance will probably not result in all participants in the Islamic finance chain opting out of English courts as the dispute resolution forum.
590 _aKA
651 4 _aInternational
690 _aMANAGEMENT- DISPUTE AVOIDANCE, MANAGEMENT AND RESOLUTION-DISPUTE MANAGEMENT AND RESOLUTION
942 _n0
999 _c82070
_d82070